000 00825cam a2200229 a 4500
001 000013023
005 20200929163127.0
008 750623s1969 sp 000 0 spa
040 _aDO-SdBNP
_bspa
_cLC
_dBNPHU
050 0 0 _aHV3008.S4
_bI55
082 _ann*
_bE82s
110 1 _aInstituto de Sociologia Aplicada de Madrid.
_930068
245 1 0 _aEstudio sociológico sobre los subnormales en España.
260 _aMadrid :
_bEuramerica ;
_bCatólica,
_c1969.
300 _a366 p. :
_btablas ;
_c22 cm.
490 1 _aEpheta
650 0 _aPeople with mental disabilities
_zSpain.
_930069
710 1 _aCatholic Church.
_bConferencia Episcopal Española.
_bComisión Episcopal de Ensenanza.
_bSecretariado de Educación Especial.
_930070
830 0 _aEpheta
_930071
910 _aCatalogación por copia / LC
049 _aBNGR
999 _c12670
_d12670